[Event "HUN-chT2 Szechenyi 1617"]
[Site "Hungary"]
[Date "2017.02.26"]
[Round "9.4"]
[White "Varga, Gyula"]
[Black "Toth, Kristof Istvan"]
[Result "1/2-1/2"]
[WhiteElo "1908"]
[BlackElo "2027"]
[PlyCount "27"]
[EventDate "2016.09.25"]
[EventType "team-tourn"]
[EventRounds "11"]
[EventCountry "HUN"]
[SourceTitle "EXT 2021"]
[Source "ChessBase"]
[SourceDate "2020.10.23"]
[SourceVersion "1"]
[SourceVersionDate "2020.10.23"]
[SourceQuality "1"]
[WhiteTeam "Papa"]
[BlackTeam "Tapolca VSE II"]
[WhiteTeamCountry "HUN"]
[BlackTeamCountry "HUN"]

1. d4 d5 2. Nf3 Nf6 3. g3 c6 4. Bg2 Bf5 5. 0-0 e6 6. b3 Nbd7 7. Bb2 Bd6 8. Nbd2 0-0 9. Ne5 Qc7 10. Nxd7 Qxd7 11. Re1 Ne4 12. Nxe4 dxe4 13. Qd2 Bg6 14. Rad1 1/2-1/2

[Event "HUN-chT2 Szechenyi 1617"]
[Site "Hungary"]
[Date "2016.09.25"]
[Round "1"]
[White "Szep, Milan"]
[Black "Toth, Kristof Istvan"]
[Result "1/2-1/2"]
[WhiteElo "1987"]
[BlackElo "2027"]
[PlyCount "28"]
[EventDate "2016.09.25"]
[EventType "team-tourn"]
[EventRounds "11"]
[EventCountry "HUN"]
[SourceTitle "EXT 2021"]
[Source "ChessBase"]
[SourceDate "2020.10.23"]
[SourceVersion "1"]
[SourceVersionDate "2020.10.23"]
[SourceQuality "1"]
[WhiteTeam "Sarvar"]
[BlackTeam "Tapolca VSE II"]
[WhiteTeamCountry "HUN"]
[BlackTeamCountry "HUN"]

1. e4 c5 2. Nf3 d6 3. d4 cxd4 4. Nxd4 Nf6 5. Nc3 g6 6. Be2 Bg7 7. Be3 0-0 8. f3 Nc6 9. Nb3 Be6 10. Qd2 Re8 11. g4 a5 12. Bb5 Nd7 13. 0-0-0 Nde5 14. Qe2 a4 1/2-1/2

[Event "HUN-chT2 Szechenyi 1516"]
[Site "Hungary"]
[Date "2016.03.20"]
[Round "9"]
[White "Rozsa, Peter"]
[Black "Toth, Kristof Istvan"]
[Result "1/2-1/2"]
[WhiteElo "2068"]
[BlackElo "1974"]
[PlyCount "32"]
[EventDate "2015.09.13"]
[EventType "team-tourn"]
[EventRounds "11"]
[EventCountry "HUN"]
[SourceTitle "EXT 2017"]
[Source "ChessBase"]
[SourceDate "2016.10.25"]
[SourceVersion "1"]
[SourceVersionDate "2016.10.25"]
[SourceQuality "1"]
[WhiteTeam "Keszthely Spartacus"]
[BlackTeam "Tapolca Kolcsey"]
[WhiteTeamCountry "HUN"]
[BlackTeamCountry "HUN"]

1. d4 d5 2. Nf3 Nf6 3. e3 c6 4. Bd3 Bg4 5. Nbd2 e6 6. 0-0 Bd6 7. c4 Nbd7 8. Qc2 Bh5 9. b3 0-0 10. Bb2 Bg6 11. Bxg6 hxg6 12. Rfe1 Rc8 13. e4 dxe4 14. Nxe4 Nxe4 15. Qxe4 Nf6 16. Qh4 Nh5 1/2-1/2

[Event "HUN-chT U18"]
[Site "Budapest"]
[Date "2015.08.27"]
[Round "2.8"]
[White "Grimm, Gyorgy"]
[Black "Toth, Kristof Istvan"]
[Result "1-0"]
[WhiteElo "2181"]
[BlackElo "1974"]
[PlyCount "79"]
[EventDate "2015.08.26"]
[EventType "team-swiss"]
[EventRounds "8"]
[EventCountry "HUN"]
[SourceTitle "EXT 2016"]
[Source "ChessBase"]
[SourceDate "2015.10.08"]
[SourceVersion "1"]
[SourceVersionDate "2015.10.08"]
[SourceQuality "1"]

1. e4 c5 2. Nf3 d6 3. d4 cxd4 4. Nxd4 Nf6 5. Nc3 g6 6. Be3 Bg7 7. f3 0-0 8. Qd2 Nc6 9. g4 Bd7 10. 0-0-0 Rc8 11. h4 Ne5 12. h5 Qa5 13. Kb1 Nc4 14. Bxc4 Rxc4 15. Nb3 Qc7 16. Bh6 Bxh6 17. Qxh6 Rxc3 18. bxc3 Qxc3 19. Rd3 Qe5 20. Qd2 Rc8 21. Qh2 Qxh2 22. Rxh2 Bb5 23. Re3 Bc4 24. Kb2 b5 25. Re1 Nd7 26. g5 b4 27. Reh1 Nf8 28. f4 d5 29. e5 Bb5 30. Nd4 Bd7 31. e6 fxe6 32. hxg6 hxg6 33. Nf3 Rc3 34. Ne5 Be8 35. Rh8+ Kg7 36. Rxf8 Kxf8 37. Rh8+ Kg7 38. Rxe8 Rc7 39. Rd8 Rb7 40. Rd7 1-0

[Event "HUN-chT2 Szechenyi 1415"]
[Site "Hungary"]
[Date "2015.04.26"]
[Round "11.5"]
[White "Toth, Kristof Istvan"]
[Black "Hadrik, Csaba"]
[Result "1-0"]
[WhiteElo "1883"]
[BlackElo "1955"]
[PlyCount "67"]
[EventDate "2014.09.07"]
[EventType "team-tourn"]
[EventRounds "11"]
[EventCountry "HUN"]
[SourceTitle "EXT 2016"]
[Source "ChessBase"]
[SourceDate "2015.10.08"]
[SourceVersion "1"]
[SourceVersionDate "2015.10.08"]
[SourceQuality "1"]
[WhiteTeam "Tapolca"]
[BlackTeam "Sarvar"]
[WhiteTeamCountry "HUN"]
[BlackTeamCountry "HUN"]

1. e4 c5 2. Nf3 Nc6 3. d4 cxd4 4. Nxd4 e6 5. Be3 Nf6 6. Nc3 Bb4 7. Bd3 Qa5 8. 0-0 a6 9. Nb3 Qc7 10. f4 0-0 11. g4 Bxc3 12. bxc3 d5 13. e5 Nd7 14. Qf3 f6 15. Qh3 g6 16. Qh6 Rf7 17. Rf3 Ndxe5 18. fxe5 Nxe5 19. Rg3 Nxd3 20. cxd3 Qxc3 21. Bd4 Qb4 22. Rf1 Qe7 23. Rgf3 e5 24. Bc5 Qe6 25. h3 b6 26. Ba3 Bb7 27. Qh4 g5 28. Qh6 d4 29. Rxf6 Qd5 30. Qxg5+ Kh8 31. R1f3 Rxf6 32. Qxf6+ Kg8 33. Qg5+ Kh8 34. Be7 1-0

[Event "HUN-chT2 Szechenyi 1415"]
[Site "Hungary"]
[Date "2015.02.08"]
[Round "8.5"]
[White "Finy, Mark"]
[Black "Toth, Kristof Istvan"]
[Result "1/2-1/2"]
[WhiteElo "1873"]
[BlackElo "1883"]
[PlyCount "28"]
[EventDate "2014.09.07"]
[EventType "team-tourn"]
[EventRounds "11"]
[EventCountry "HUN"]
[SourceTitle "EXT 2016"]
[Source "ChessBase"]
[SourceDate "2015.10.08"]
[SourceVersion "1"]
[SourceVersionDate "2015.10.08"]
[SourceQuality "1"]
[WhiteTeam "Arboretum"]
[BlackTeam "Tapolca"]
[WhiteTeamCountry "HUN"]
[BlackTeamCountry "HUN"]

1. d4 d5 2. c4 c6 3. cxd5 cxd5 4. Nc3 Nc6 5. Nf3 Nf6 6. e3 e6 7. Bb5 Bd7 8. Bxc6 Bxc6 9. Ne5 Rc8 10. 0-0 Bd6 11. Nxc6 Rxc6 12. Qa4 a6 13. Bd2 0-0 14. Rfc1 Qb8 1/2-1/2

[Event "HUN-chT2 Szechenyi 1314"]
[Site "Hungary"]
[Date "2014.04.27"]
[Round "11.2"]
[White "Peredy, Ferenc"]
[Black "Toth, Kristof Istvan"]
[Result "1-0"]
[WhiteElo "2205"]
[BlackElo "1886"]
[PlyCount "91"]
[EventDate "2013.09.08"]
[EventType "team-tourn"]
[EventRounds "11"]
[EventCountry "HUN"]
[SourceTitle "EXT 2016"]
[Source "ChessBase"]
[SourceDate "2015.10.08"]
[SourceVersion "1"]
[SourceVersionDate "2015.10.08"]
[SourceQuality "1"]
[WhiteTeam "Balatonfuered"]
[BlackTeam "Tapolca II"]
[WhiteTeamCountry "HUN"]
[BlackTeamCountry "HUN"]

1. c4 c5 2. Nc3 Nc6 3. g3 g6 4. Bg2 Bg7 5. e3 d6 6. Nge2 Nf6 7. d4 cxd4 8. exd4 0-0 9. h3 a6 10. 0-0 Bd7 11. Be3 Rb8 12. Rc1 Na5 13. b3 b5 14. c5 b4 15. Na4 Bxa4 16. bxa4 d5 17. Bf4 Rc8 18. Rb1 Nc6 19. a3 a5 20. Qd3 Qd7 21. Rfd1 Rfd8 22. g4 Ne8 23. Bd2 Rb8 24. Rb3 e5 25. dxe5 Nxe5 26. Qg3 Qxa4 27. axb4 axb4 28. Bf4 Rbc8 29. Rdb1 Nc6 30. Rd3 Qc2 31. Re1 Qxc5 32. Rc1 Qb5 33. Bg5 Bf6 34. Bf4 Ne7 35. Rcd1 Rc2 36. Nd4 Bxd4 37. Rxd4 b3 38. Bf1 Qb7 39. Rb1 b2 40. Qa3 Rb8 41. Bxb8 Qxb8 42. Qxe7 Rc1 43. Rxb2 Qxb2 44. Qxe8+ Kg7 45. Qe5+ Kg8 46. Rxd5 1-0

[Event "HUN-chT2 Szechenyi 1314"]
[Site "Hungary"]
[Date "2014.03.23"]
[Round "9.2"]
[White "Boronyak, Arpad"]
[Black "Toth, Kristof Istvan"]
[Result "1/2-1/2"]
[WhiteElo "2224"]
[BlackElo "1886"]
[PlyCount "74"]
[EventDate "2013.09.08"]
[EventType "team-tourn"]
[EventRounds "11"]
[EventCountry "HUN"]
[SourceTitle "EXT 2016"]
[Source "ChessBase"]
[SourceDate "2015.10.08"]
[SourceVersion "1"]
[SourceVersionDate "2015.10.08"]
[SourceQuality "1"]
[WhiteTeam "Baki Agrocentrum"]
[BlackTeam "Tapolca II"]
[WhiteTeamCountry "HUN"]
[BlackTeamCountry "HUN"]

1. e4 c5 2. Nc3 Nc6 3. g3 g6 4. Bg2 Bg7 5. d3 d6 6. f4 e6 7. Nf3 Nge7 8. 0-0 0-0 9. Be3 Nd4 10. Rb1 Nec6 11. Ne2 Nxf3+ 12. Bxf3 Nd4 13. Bg2 Qa5 14. a3 Qa4 15. Nxd4 cxd4 16. Bd2 a5 17. c4 Qxd1 18. Rbxd1 a4 19. g4 f5 20. exf5 gxf5 21. gxf5 Rxf5 22. Be4 Rf6 23. Bb4 e5 24. fxe5 dxe5 25. Bd5+ Kh8 26. Be7 Rg6+ 27. Kh1 Bd7 28. Rf7 Bc6 29. Rdf1 Re8 30. h4 Rg3 31. Kh2 Rxd3 32. Rxg7 Kxg7 33. Rg1+ Kh6 34. Bg5+ Kg6 35. Be7+ Kh6 36. Bg5+ Kg6 37. Be7+ Kh6 1/2-1/2

[Event "HUN-chT2 Charousek 1314"]
[Site "Hungary"]
[Date "2013.11.17"]
[Round "5"]
[White "Fuad Kamel Jamaliah, Natalie"]
[Black "Toth, Kristof Istvan"]
[Result "1-0"]
[WhiteElo "1978"]
[BlackElo "1886"]
[PlyCount "53"]
[EventDate "2013.09.08"]
[EventType "team-tourn"]
[EventRounds "11"]
[EventCountry "HUN"]
[SourceTitle "EXT 2016"]
[Source "ChessBase"]
[SourceDate "2015.10.08"]
[SourceVersion "1"]
[SourceVersionDate "2015.10.08"]
[SourceQuality "1"]
[WhiteTeam "Budapest HUSI"]
[BlackTeam "Tapolca"]
[WhiteTeamCountry "HUN"]
[BlackTeamCountry "HUN"]

1. e4 c5 2. Nf3 d6 3. d4 cxd4 4. Nxd4 Nf6 5. Nc3 e6 6. Be2 Be7 7. 0-0 0-0 8. Kh1 a6 9. f4 Qc7 10. Bf3 Nc6 11. Be3 Na5 12. Qd3 Bd7 13. Rad1 Nc4 14. Bc1 Rac8 15. Rg1 e5 16. Nde2 b5 17. a3 a5 18. b4 axb4 19. axb4 exf4 20. Qd4 Ne5 21. Bxf4 Nc6 22. Qd3 Nxb4 23. Bxd6 Bxd6 24. Qxd6 Qxd6 25. Rxd6 Ng4 26. Rb1 Nxc2 27. Rxd7 1-0

[Event "HUN-chT2 Szechenyi 1213"]
[Site "Hungary"]
[Date "2012.12.02"]
[Round "5.10"]
[White "Grull, Denes"]
[Black "Toth, Kristof Istvan"]
[Result "1/2-1/2"]
[WhiteElo "1836"]
[BlackElo "1887"]
[PlyCount "48"]
[EventDate "2012.09.16"]
[EventType "team-tourn"]
[EventRounds "11"]
[EventCountry "HUN"]
[SourceTitle "EXT 2014"]
[Source "ChessBase"]
[SourceDate "2013.11.20"]
[SourceVersion "1"]
[SourceVersionDate "2013.11.20"]
[SourceQuality "1"]
[WhiteTeam "Haladas III"]
[BlackTeam "Tapolca"]
[WhiteTeamCountry "HUN"]
[BlackTeamCountry "HUN"]

1. e4 c5 2. Nf3 d6 3. Bb5+ Bd7 4. Bxd7+ Qxd7 5. 0-0 Nc6 6. c4 Nf6 7. Nc3 g6 8. d3 Bg7 9. Bg5 0-0 10. h3 Rac8 11. Qa4 h6 12. Be3 Qc7 13. Qd1 a6 14. Nh4 Qb8 15. Qd2 Kh7 16. f4 b5 17. Rac1 bxc4 18. dxc4 Nd4 19. b3 e6 20. Qd3 Nd7 21. Nf3 Nxf3+ 22. Rxf3 Rcd8 23. Qc2 Bxc3 24. Qxc3 f5 1/2-1/2

[Event "HUN-chT2 Szechenyi 1213"]
[Site "Hungary"]
[Date "2012.09.16"]
[Round "1.11"]
[White "Toth, Kristof Istvan"]
[Black "Halaszi, Csaba Peter"]
[Result "1-0"]
[WhiteElo "1887"]
[BlackElo "1542"]
[PlyCount "93"]
[EventDate "2012.09.16"]
[EventType "team-tourn"]
[EventRounds "11"]
[EventCountry "HUN"]
[SourceTitle "EXT 2014"]
[Source "ChessBase"]
[SourceDate "2013.11.20"]
[SourceVersion "1"]
[SourceVersionDate "2013.11.20"]
[SourceQuality "1"]
[WhiteTeam "Tapolca"]
[BlackTeam "Ajka Banyasz"]
[WhiteTeamCountry "HUN"]
[BlackTeamCountry "HUN"]

1. e4 e5 2. Nf3 Nc6 3. Bc4 Bc5 4. d3 Nf6 5. Bg5 d6 6. h3 0-0 7. 0-0 Be6 8. Bb3 Qe7 9. c3 Bb6 10. Re1 Bxb3 11. axb3 Qe6 12. Nbd2 Rad8 13. Qe2 Rfe8 14. Bh4 h6 15. b4 d5 16. Rad1 d4 17. b5 Ne7 18. c4 Ng6 19. Nf1 Ba5 20. Bxf6 Qxf6 21. N1d2 Nf4 22. Qf1 Qg6 23. Kh2 h5 24. g3 Bxd2 25. Rxd2 Ne6 26. Nxe5 Qf6 27. f4 g5 28. Rf2 gxf4 29. gxf4 Nxf4 30. Rxf4 Qxe5 31. Kh1 Rd7 32. Qf3 Re6 33. Rf5 Qg7 34. Rxh5 Kf8 35. Rg1 Rg6 36. Rxg6 Qxg6 37. Qg4 Qxg4 38. hxg4 Ke7 39. Kg2 Kf6 40. Kf3 Kg6 41. Kf4 Re7 42. Rd5 c6 43. bxc6 bxc6 44. Rxd4 a6 45. Rd6+ Re6 46. Rxe6+ fxe6 47. Ke5 1-0

[Event "HUN-chT2 Szechenyi 1112"]
[Site "Hungary"]
[Date "2012.04.22"]
[Round "9.10"]
[White "Toth, Kristof Istvan"]
[Black "Bezsenyi, Ferenc"]
[Result "1/2-1/2"]
[WhiteElo "1834"]
[BlackElo "1847"]
[PlyCount "55"]
[EventDate "2011.09.25"]
[EventType "team-tourn"]
[EventRounds "11"]
[EventCountry "HUN"]
[SourceTitle "EXT 2013"]
[Source "ChessBase"]
[SourceDate "2012.11.22"]
[SourceVersion "1"]
[SourceVersionDate "2012.11.22"]
[SourceQuality "1"]
[WhiteTeam "Tapolca"]
[BlackTeam "Keszthely"]
[WhiteTeamCountry "HUN"]
[BlackTeamCountry "HUN"]

1. e4 c5 2. Nf3 Nc6 3. d4 cxd4 4. Nxd4 Nf6 5. Nc3 d6 6. Bg5 Qb6 7. Be3 Ng4 8. Nd5 Nxe3 9. Nxb6 Nxd1 10. Nxa8 Nxf2 11. Kxf2 Nxd4 12. Nc7+ Kd8 13. Nb5 Nc6 14. Rd1 a6 15. Nd4 Ne5 16. Be2 g6 17. Rhf1 Bg7 18. h3 h5 19. c3 g5 20. Nf3 Bf6 21. Nxe5 Bxe5 22. Ke3 Be6 23. b3 f6 24. Rb1 Bf7 25. Rfd1 b6 26. Rh1 Bg6 27. g4 h4 28. Rbd1 1/2-1/2

[Event "HUN-chT2 Szechenyi 1112"]
[Site "Hungary"]
[Date "2011.10.30"]
[Round "2.10"]
[White "Toth, Kristof Istvan"]
[Black "Vincze, Otto"]
[Result "1/2-1/2"]
[WhiteElo "1834"]
[BlackElo "1906"]
[PlyCount "36"]
[EventDate "2011.09.25"]
[EventType "team-tourn"]
[EventRounds "11"]
[EventCountry "HUN"]
[SourceTitle "EXT 2013"]
[Source "ChessBase"]
[SourceDate "2012.11.22"]
[SourceVersion "1"]
[SourceVersionDate "2012.11.22"]
[SourceQuality "1"]
[WhiteTeam "Tapolca"]
[BlackTeam "Ajka Banyasz"]
[WhiteTeamCountry "HUN"]
[BlackTeamCountry "HUN"]

1. e4 c6 2. d4 d5 3. Nd2 dxe4 4. Nxe4 Nd7 5. c3 Ngf6 6. Nxf6+ Nxf6 7. Bd3 Bg4 8. f3 Bh5 9. Nh3 Bg6 10. 0-0 Bxd3 11. Qxd3 e6 12. Bf4 Be7 13. Be5 0-0 14. Rae1 Qb6 15. Ng5 g6 16. Ne4 Nd7 17. Bg3 Rad8 18. Qc2 Rc8 1/2-1/2

[Event "HUN-ch U14"]
[Site "Celldoemoelk"]
[Date "2011.07.02"]
[Round "8"]
[White "Egri, Laszlo Jr"]
[Black "Toth, Kristof Istvan"]
[Result "1/2-1/2"]
[WhiteElo "2024"]
[BlackElo "1789"]
[PlyCount "70"]
[EventDate "2011.06.27"]
[EventType "swiss"]
[EventRounds "9"]
[EventCountry "HUN"]
[SourceTitle "EXT 2012"]
[Source "ChessBase"]
[SourceDate "2011.11.24"]
[SourceVersion "1"]
[SourceVersionDate "2011.11.24"]
[SourceQuality "1"]

1. e4 c5 2. Nf3 a6 3. c3 d5 4. exd5 Qxd5 5. d4 e6 6. Be3 cxd4 7. cxd4 Nf6 8. Nc3 Qd6 9. Bd3 Nbd7 10. 0-0 Nb6 11. Qe2 Nbd5 12. Ne5 Be7 13. Rad1 0-0 14. Rfe1 b5 15. Bg5 Bb7 16. Bb1 h6 17. Bh4 Rfd8 18. Ne4 Nf4 19. Qf3 Bxe4 20. Bxe4 N4d5 21. Bb1 Rac8 22. a3 b4 23. a4 a5 24. Bg3 Qb6 25. Rd3 Rc7 26. Qd1 Rdc8 27. Qd2 Bd6 28. Rf3 Nh5 29. Qd3 Nhf6 30. h3 Rc1 31. Rxc1 Rxc1+ 32. Kh2 Qc7 33. Ng4 Bxg3+ 34. fxg3 Nxg4+ 35. hxg4 g6 1/2-1/2

[Event "HUN-ch U14"]
[Site "Celldoemoelk"]
[Date "2011.07.01"]
[Round "7"]
[White "Csati, Oliver"]
[Black "Toth, Kristof Istvan"]
[Result "1/2-1/2"]
[WhiteElo "1632"]
[BlackElo "1789"]
[PlyCount "49"]
[EventDate "2011.06.27"]
[EventType "swiss"]
[EventRounds "9"]
[EventCountry "HUN"]
[SourceTitle "EXT 2012"]
[Source "ChessBase"]
[SourceDate "2011.11.24"]
[SourceVersion "1"]
[SourceVersionDate "2011.11.24"]
[SourceQuality "1"]

1. e4 c5 2. Nf3 a6 3. d4 cxd4 4. Nxd4 Nf6 5. Nc3 e5 6. Nf3 Bb4 7. Bd2 Nc6 8. Bd3 0-0 9. 0-0 d6 10. h3 h6 11. Ne2 Bxd2 12. Nxd2 d5 13. c3 Be6 14. Ng3 Qb6 15. b3 Rfd8 16. Qe2 d4 17. c4 Nd7 18. a3 Nc5 19. b4 Nxd3 20. Qxd3 Rac8 21. Rac1 Ne7 22. Nb3 Ng6 23. Ne2 Nf8 24. Rc2 Qc6 25. Rfc1 1/2-1/2

[Event "HUN-chT2 Szechenyi 1011"]
[Site "Hungary"]
[Date "2010.09.12"]
[Round "1.8"]
[White "Toth, Kristof Istvan"]
[Black "Tasnadi, Gyula"]
[Result "1/2-1/2"]
[WhiteElo "1794"]
[BlackElo "1868"]
[PlyCount "101"]
[EventDate "2010.09.12"]
[EventType "team-tourn"]
[EventRounds "11"]
[EventCountry "HUN"]
[SourceTitle "EXT 2012"]
[Source "ChessBase"]
[SourceDate "2011.11.24"]
[SourceVersion "1"]
[SourceVersionDate "2011.11.24"]
[SourceQuality "1"]
[WhiteTeam "Tapolca"]
[BlackTeam "Spartacus"]
[WhiteTeamCountry "HUN"]
[BlackTeamCountry "HUN"]

1. e4 d6 2. d4 Nf6 3. Nc3 g6 4. f4 Bg7 5. Nf3 0-0 6. Bc4 c6 7. a4 Qa5 8. Bd2 Qb6 9. a5 Qc7 10. Qe2 Bg4 11. h3 Bxf3 12. Qxf3 Nbd7 13. e5 Ne8 14. g4 d5 15. Bd3 e6 16. h4 f6 17. Qh3 fxe5 18. dxe5 Nc5 19. h5 g5 20. fxg5 Nxd3+ 21. Qxd3 Qxe5+ 22. Kd1 Nd6 23. h6 Bh8 24. g6 Bf6 25. gxh7+ Kh8 26. Re1 Qd4 27. Qxd4 Bxd4 28. Rxe6 Rf1+ 29. Re1 Rxe1+ 30. Kxe1 Kxh7 31. Ra4 Nc4 32. b3 Re8+ 33. Kd1 Nb2+ 34. Kc1 Nxa4 35. Nxa4 Be3 36. Bxe3 Rxe3 37. Nc5 b6 38. axb6 axb6 39. Nd7 b5 40. g5 Rg3 41. Nf8+ Kg8 42. h7+ Kh8 43. g6 Rf3 44. Nd7 Rf5 45. Kd2 Kg7 46. Kd3 Rh5 47. Kd4 Kxg6 48. Ne5+ Kxh7 49. Nxc6 Rh2 50. Kxd5 Rxc2 51. Nd4 1/2-1/2

[Event "HUN-chT2 Szechenyi 0910"]
[Site "Hungary"]
[Date "2010.03.14"]
[Round "6.11"]
[White "Toth, Kristof Istvan"]
[Black "Ruszin, Borbala"]
[Result "1-0"]
[WhiteElo "1763"]
[BlackElo "1550"]
[PlyCount "79"]
[EventDate "2009.11.08"]
[EventType "team-tourn"]
[EventRounds "11"]
[EventCountry "HUN"]
[SourceTitle "EXT 2011"]
[Source "ChessBase"]
[SourceDate "2010.11.26"]
[SourceVersion "1"]
[SourceVersionDate "2010.11.26"]
[SourceQuality "1"]
[WhiteTeam "Tapolca Szeremley"]
[BlackTeam "Zala Volan"]
[WhiteTeamCountry "HUN"]
[BlackTeamCountry "HUN"]

1. e4 d5 2. exd5 Qxd5 3. Nc3 Qa5 4. d4 Nf6 5. Bd2 c6 6. Bc4 Bf5 7. Nf3 e6 8. 0-0 Be7 9. Re1 0-0 10. Bb3 Qc7 11. Qe2 Bg4 12. h3 Bxf3 13. Qxf3 Nbd7 14. Bf4 Bd6 15. Bxd6 Qxd6 16. Rad1 Qc7 17. Ne4 Nxe4 18. Qxe4 Nf6 19. Qe3 Rfe8 20. c3 Rad8 21. Qe5 Qxe5 22. Rxe5 Nd5 23. Bxd5 exd5 24. Rde1 Kf8 25. f4 f6 26. Rxe8+ Rxe8 27. Rxe8+ Kxe8 28. Kf2 Kf7 29. Kf3 h6 30. f5 g6 31. Kf4 b6 32. fxg6+ Kxg6 33. g4 c5 34. h4 f5 35. gxf5+ Kf6 36. Kg4 a5 37. a4 cxd4 38. cxd4 h5+ 39. Kf4 Ke7 40. Ke5 1-0

[Event "HUN-chT2 Szechenyi 0910"]
[Site "Hungary"]
[Date "2009.12.06"]
[Round "3.10"]
[White "Toth, Kristof Istvan"]
[Black "Szabo, Peter"]
[Result "1/2-1/2"]
[WhiteElo "1763"]
[BlackElo "1952"]
[PlyCount "98"]
[EventDate "2009.11.08"]
[EventType "team-tourn"]
[EventRounds "11"]
[EventCountry "HUN"]
[SourceTitle "EXT 2011"]
[Source "ChessBase"]
[SourceDate "2010.11.26"]
[SourceVersion "1"]
[SourceVersionDate "2010.11.26"]
[SourceQuality "1"]
[WhiteTeam "Tapolca Szeremley"]
[BlackTeam "Gyor Elektromos"]
[WhiteTeamCountry "HUN"]
[BlackTeamCountry "HUN"]

1. e4 d5 2. exd5 Qxd5 3. Nc3 Qd8 4. d4 Nf6 5. Nf3 Bg4 6. Be2 e6 7. 0-0 Be7 8. Be3 0-0 9. Ne5 Bxe2 10. Qxe2 Nbd7 11. Rad1 c6 12. f4 Qc7 13. Qf3 Bd6 14. Rfe1 Nd5 15. Nxd5 cxd5 16. Nxd7 Qxd7 17. c3 b5 18. Rc1 Rac8 19. Qe2 Qb7 20. Qd3 Qb8 21. g3 Qb7 22. Rc2 Rc6 23. Rec1 Rfc8 24. Kf2 a6 25. Qe2 Qc7 26. a3 Rc4 27. Qd3 Rc6 28. Qe2 b4 29. axb4 Bxb4 30. Qd3 a5 31. Re2 Bd6 32. Ra1 Rb8 33. Bc1 Rc4 34. f5 a4 35. fxe6 fxe6 36. Kg1 a3 37. Rxe6 axb2 38. Bxb2 Rc6 39. Qf3 Qf7 40. Qxf7+ Kxf7 41. Re2 Rcb6 42. Rf1+ Kg8 43. Rff2 h6 44. Kg2 Rb3 45. g4 Bc7 46. Rc2 Ba5 47. h3 Rc8 48. Rf3 Rcb8 49. Rff2 Rc8 1/2-1/2